000
00353nam a22001577a 4500
001
T027600013609
008
181111b xve|||||r|||| 00| | esp d
099
_a
M-0157
_b
100
_a
Fundación Polar
245
_a
Venezuela
260
_a
1999
300
_a
1 mapa; 3:25x87cm.
500
_a
Impreso
650
_a
(Venezuela)--Mapas
942
_c
LIB
999
_c
12447
_d
12447